00333nam a2200109Ia 450000500170000000800410001710000220005824501000008026000190018030000110019965000130021020260328104332.0260328s9999||||xx |||||||||||||| ||und|| aSzejner, Michelle 0aJardines en Balsas :b100 Plantas útiles de Jaqué , Darién .Panamá /cMichelle Szejner bAlmanaque Azul a213 p. aPANAMÁ